Pick the Odd One Out - Statistics

General Stats
  • This quiz has been taken 92 times
  • The average score is 8 of 10
Answer Stats
Question Answer % Correct
Which of these is NOT a main character of the TV show 'Friends' Kramer
100%
Which of these was NOT a Beatles song Bridge over Troubled Water
89%
Which of these is NOT a Woodwind instrument Cello
84%
Which of these is NOT a Prime Number 9
79%
Which of these tennis players has NOT won all 4 Grand Slams Andy Murray
79%
Which of these was NOT a president of the USA. Benjamin Franklin
74%
Which of these is NOT a Canadian Province (or Territory) Iqaluit
74%
Which of these cities was NOT part of the Austro-Hungarian Empire Zürich
74%
Which of these cities is NOT west of Dallas Kansas City
68%
Which of these is NOT part of South America Nicaragua
68%
No matching quizzes found
Score Distribution
Percent of People with Each Score
Percentile by Number Answered
Your Score History
You have not taken this quiz